Generovanie hodnôt celkovej škody v kolektívnom modeli rizika na základe aproximácie posunutým gamma rozdelením v prostredí Microsoft Excel

Salvato in:
Dettagli Bibliografici
Autore principale: Mucha, Vladimír, 1976-
Ente Autore: Fakulta hospodárskej informatiky EU. Katedra matematiky a aktuárstva
Natura: Libro
Lingua:slovacco
Pubblicazione: Bratislava 2014
Soggetti:
Tags: Aggiungi Tag
Nessun Tag, puoi essere il primo ad aggiungerne!!

MARC

LEADER 00000nam a2200000 4500
001 0198414
005 20240515113951.8
041 0 |a slo 
044 |a SK 
245 1 0 |a Generovanie hodnôt celkovej škody v kolektívnom modeli rizika na základe aproximácie posunutým gamma rozdelením v prostredí Microsoft Excel  |c Vladimír Mucha 
264 1 |a Bratislava  |c 2014 
300 |a [5 s., 3,5 NS] 
610 2 0 |a simulácia 
610 2 0 |a softvér 
610 2 0 |a modelovanie 
610 2 0 |a metóda Monte Carlo 
100 1 |a Mucha, Vladimír, 1976- 
710 2 |a Fakulta hospodárskej informatiky EU. Katedra matematiky a aktuárstva